| 000 | 00694nam a22001577a 4500 | ||
|---|---|---|---|
| 999 |
_c38482 _d38482 |
||
| 082 | _aRK.0342 | ||
| 100 |
_aKawadia, Ganesh _uSchool of Economics, DAVV University. _vIndore, Madhya Pradesh |
||
| 245 |
_aA study of Climate change and Agriculture in the catchment area of Chambal river / _cGanesh, Kawadia |
||
| 260 |
_aIndore, Madhya Pradesh: _bIndian council of social science research, _c2015. |
||
| 300 |
_axii, 262p. _eContains DVD. |
||
| 500 | _aIncludes bibliography and appendices. | ||
| 536 | _aIndian council of social science research | ||
| 650 |
_aAgriculture _xEnvironmental impact _zMadhya Pradesh |
||
| 650 |
_aClimate change _xEnvironmental impact _zMadhya Pradesh |
||
| 942 |
_2ddc _cRP |
||